01368 a2200217 4500003000500000005001700005010001600022020001500038040000900053082001700062100003700079245008600116260004100202300008200243505059600325650003100921700002700952942002600979999001901005952012601024NUST20221205145349.0 a 96069865 a1575765578 cNust00a070.5797,VIL1 aVillamil-Casanova, John.910415810aMultimedia--production, planning, and delivery /cJohn Villamil and Louis Molina. aIndianapolis, IN :bQue E&T,cc1997. ax, 148 p. :bcol. ill. ;c28 cm. +e1 computer laser optical disc (4 3/4 in.) aIntroduction (Page-1), The Production Of Multimedia Computer Based Applications(Page-5), Planning The Components Of A Multimedia Application (Page-17), Multimedia Application Planning , Costing , Proposal Preparation , And Financing (Page-33), Multimedia Production Legal Issues (Page-47), Preparing For Production (Page-61), Managing The Production Process (Page-79), Planning And Managing Content Acquisition (Page-89), Product Testing, Revision, And Documentation (Page-97), Packaging And Distributing A Multimedia Application (Page-109), Planning The Application Presentation (Page-123). 0aMultimedia systems.9365111 aMolina, Louis.9104159 2ddccBKk070.5797,VIL c176637d176637 00102ddc4070aMCSbMCScGENd2016-12-12o070.5797,VILpMCS27020r2016-12-08w2016-12-12yBKzAlmirah No.46, Shelf No.1